Library Banner

Nasim Yemen fi halaat 1328 Awais Qarn Razi Allah Tala Unho = نسیم یمن فی حالات 1328 اویس قرن رضی اللہ تعالیٰ عنہ / (Record no. 134263)

MARC details
000 -LEADER
fixed length control field 00640nam a22001457a 4500
005 - DATE AND TIME OF LATEST TRANSACTION
control field 20240604112353.0
008 - FIXED-LENGTH DATA ELEMENTS--GENERAL INFORMATION
fixed length control field 240604b ||||| |||| 00| 0 eng d
040 ## - CATALOGING SOURCE
Transcribing agency PK-LaUMT
082 ## - DEWEY DECIMAL CLASSIFICATION NUMBER
Classification number APC 297.4092
Item number ASH-N
100 ## - MAIN ENTRY--PERSONAL NAME
Personal name Ashfaq ul Ishaq, Muhammad = اشفاق الاسحاق، محمد
245 ## - TITLE STATEMENT
Title Nasim Yemen fi halaat 1328 Awais Qarn Razi Allah Tala Unho = نسیم یمن فی حالات 1328 اویس قرن رضی اللہ تعالیٰ عنہ /
Statement of responsibility, etc by Muhammad Ashfaq ul Ishaq = محمد اشفاق الاسحاق
260 ## - PUBLICATION, DISTRIBUTION, ETC. (IMPRINT)
Place of publication, distribution, etc Multan =
Name of publisher, distributor, etc Idarah Zia ul Sunnat Jamia Islamia Khairulmead,
Date of publication, distribution, etc 2002
300 ## - PHYSICAL DESCRIPTION
Extent 200 p.
942 ## - ADDED ENTRY ELEMENTS (KOHA)
Koha item type Books
Holdings
Withdrawn status Lost status Damaged status Home library Current library Date acquired Full call number Barcode Date last seen Price effective from Koha item type
      UMT Main Campus UMT Main Campus 2024-06-04 APC 297.4092 ASH-N 146760 2024-06-04 2024-06-04 Books